000 00898nam a2200265 i 4500
003 EG-GICUC
005 20260202171900.0
008 260202s1948 sw ||||fr|||| 000 0 eng d
040 _aEG-GiCUC
_beng
_cEG-GiCUC
_dEG-GiCUC
_eRda
082 0 4 _221
_a341.30569
_bIN
092 0 4 _221
099 _aLaw1 11 341.30569 IN 1948
245 1 4 _aThe International Committ of the Red Cross in Palestine /
_cInternational Committee of the Red Cross.
264 1 _aGeneva :
_bInternational Committee of the Red Cross,
_c1948.
300 _a23page :
_billustration ;
_c 24 cm.
336 _2rda contenu
_a texte
337 _2rda medias
_aOrdinateur
338 _2 transporteur rda
_a Ressource en ligne
546 _aText in English
650 1 4 _aPublic international law
_2
651 1 _2
856 4 0 _uhttps://fll.law.cu.edu.eg/fulltext/bks/B11-06716.pdf
905 _a50
942 _2ddc
_cBK
_e21
_n0
999 _c60375
_d60375